000 00595cab a2200205 4500
001 WB3128-63
008 090401t1995 xxu||||| |||| 00| 0 eng d
035 _a(Sirsi) u35814
041 _aeng
245 _aRICS Minerals Division
260 _c1995
350 _a0
490 _aRICS Press Release
_v(PR95/95CORP) 11 July 1995, (1)
520 _aMick Hughes has been elected President of the RICS Minerals Division or 1995-1996.
650 _aMINERALS DIVISION
650 _aRICS
690 _aMANAGEMENT-BUSINESS MANAGEMENT-PROFESSIONAL PRACTICE
942 _n0
948 _c04/03/1997
999 _c23418
_d23418